Visualizzazione normale
Vista MARC
- Bonte-Dehaene T. e J., Bernard O
di Personal Name
Records bibliografici associati: 1
001 - CONTROL NUMBER
- control field: 62285
003 - CONTROL NUMBER IDENTIFIER
- control field:
005 - DATE AND TIME OF LATEST TRANSACTION
- control field: 20250619145520.0
008 - FIXED-LENGTH DATA ELEMENTS
- fixed length control field: 250619|| aca||aabn | a|a d
040 ## - CATALOGING SOURCE
- Original cataloging agency:
- Transcribing agency:
100 ## - HEADING--PERSONAL NAME
- Personal name: Bonte-Dehaene T. e J., Bernard O
670 ## - SOURCE DATA FOUND
- Source citation: Work cat.: ()206469: Campanini Giorgio (et al.) 62284, Quale missione per la coppia cristiana oggi?, 1993